000 004190000a22001690004500
003 MACL
005 20150621124357.0
008 150621b xxu||||| |||| 00| 0 eng d
040 _aMACL
_cMACL
082 _a403
100 _aतोलानी रोशन
_9293
245 _aSynonyms & Antonyms
260 _aNew Delhi
_bArihant Prakashan
_c2014
350 _a125
650 _aGrammar
_9294
942 _cBK
_k403
_2ddc
999 _c49124
_d49124